[Event "SR 4. liga A21 2017/2018"]
[Site "?"]
[Date "2018.02.11"]
[Round "9.1"]
[White "Vepy, Ivan"]
[Black "Dubecky, Ladislav"]
[Result "1-0"]
[WhiteElo "1870"]
[BlackElo "1613"]
[PlyCount "79"]
[EventDate "2017.??.??"]
[WhiteTeam "Å K Skalica B"]
[BlackTeam "Å O KopÄ�any"]

1. e4 e5 2. Nf3 d6 3. d4 exd4 4. Nxd4 Nf6 5. Nc3 Be7 6. Bd3 O-O 7. O-O a6 8.
Bg5 c5 9. Nde2 Nc6 10. Ng3 Ne5 11. Be2 b5 12. a3 Bb7 13. Nf5 g6 14. Nxe7+ Qxe7
15. f4 Nc4 16. Bxc4 bxc4 17. e5 dxe5 18. fxe5 Rad8 19. Bxf6 Qc7 20. Bxd8 Rxd8
21. Qe2 Re8 22. Rae1 Qc6 23. Qf2 Qe6 24. Ne4 Rf8 25. Nxc5 Qc6 26. Nxb7 Qxb7 27.
e6 f5 28. Qd4 Qc7 29. Rd1 Qb8 30. Rfe1 f4 31. e7 Re8 32. Qf6 Qa7+ 33. Kh1 f3
34. Rd8 fxg2+ 35. Kxg2 Qb7+ 36. Kh3 Qb5 37. Rxe8+ Qxe8 38. Rf1 Qd7+ 39. Kg3
Qc7+ 40. Rf4 1-0

[Event "SR 4. liga A21 2017/2018"]
[Site "?"]
[Date "2018.02.11"]
[Round "9.1"]
[White "Damborsky, Pavol"]
[Black "Planka, Peter"]
[Result "0-1"]
[WhiteElo "1630"]
[BlackElo "1788"]
[PlyCount "48"]
[EventDate "2017.??.??"]
[WhiteTeam "Å O KopÄ�any"]
[BlackTeam "Å K Skalica B"]

1. c4 e5 2. e4 Nf6 3. d3 Be7 4. Nf3 d6 5. Nc3 O-O 6. Be2 c5 7. h3 Nc6 8. O-O a6
9. Bg5 h6 10. Bxf6 Bxf6 11. a3 Bg5 12. Nd5 Be6 13. Nxg5 Qxg5 14. Bg4 Bxd5 15.
cxd5 Nd4 16. g3 g6 17. h4 Qd8 18. Qa4 f5 19. exf5 gxf5 20. Bh5 f4 21. Qd1 Kh8
22. Bg6 Qf6 23. h5 Qg5 24. g4 f3 0-1

[Event "SR 4. liga A21 2017/2018"]
[Site "?"]
[Date "2018.02.11"]
[Round "9.1"]
[White "Bartos, Bohumil"]
[Black "Pisecky, Jan"]
[Result "1-0"]
[WhiteElo "1561"]
[BlackElo "1378"]
[PlyCount "75"]
[EventDate "2017.??.??"]
[WhiteTeam "Å K Skalica B"]
[BlackTeam "Å O KopÄ�any"]

1. d4 d6 2. Nf3 g6 3. e4 e6 4. Be3 Bg7 5. Qd2 Bd7 6. Nc3 a6 7. a4 f6 8. Bc4 Nc6
9. O-O Nce7 10. Rfe1 c6 11. a5 h5 12. d5 e5 13. Bb6 Qb8 14. Rad1 c5 15. Ne2 Bh6
16. Qc3 g5 17. b4 cxb4 18. Qxb4 h4 19. Rb1 f5 20. exf5 Nxf5 21. Bd3 Nge7 22.
Nc3 g4 23. Qxg4 Bf4 24. Ne4 Kf7 25. Nfg5+ Bxg5 26. Qxg5 Nxd5 27. Bc4 Nfe7 28.
Rbd1 Be6 29. Bxd5 Nxd5 30. c4 Rg8 31. Qh5+ Rg6 32. cxd5 Bg4 33. Ng5+ Kf6 34.
Qxg4 Rxg5 35. Qxh4 Qg8 36. Be3 Kf5 37. Qxg5+ Qxg5 38. Bxg5 1-0

[Event "SR 4. liga A21 2017/2018"]
[Site "?"]
[Date "2018.02.11"]
[Round "9.1"]
[White "Sprusansky, Ferdinand"]
[Black "Harasta, Marian"]
[Result "0-1"]
[WhiteElo "1373"]
[BlackElo "1674"]
[PlyCount "68"]
[EventDate "2017.??.??"]
[WhiteTeam "Å O KopÄ�any"]
[BlackTeam "Å K Skalica B"]

1. e4 c5 2. Nf3 Nc6 3. d4 cxd4 4. Nxd4 e5 5. Nxc6 dxc6 6. Qxd8+ Kxd8 7. Nc3 Bc5
8. Bg5+ f6 9. Bh4 g5 10. Bg3 h5 11. h3 h4 12. O-O-O+ Kc7 13. Bh2 Bxf2 14. Bc4
b5 15. Bxg8 Rxg8 16. Rhf1 Be3+ 17. Kb1 Bf4 18. Bxf4 gxf4 19. Rg1 Be6 20. b3
Rad8 21. Rxd8 Kxd8 22. Rd1+ Kc7 23. g4 hxg3 24. Rg1 Bxh3 25. Ne2 Bg4 26. Nxg3
fxg3 27. Rxg3 Be6 28. Rf3 Rf8 29. Kc1 f5 30. Kd2 f4 31. Rf1 Bh3 32. Rh1 Bg2 33.
Rh7+ Kb6 34. Re7 f3 0-1

[Event "SR 4. liga A21 2017/2018"]
[Site "?"]
[Date "2018.02.11"]
[Round "9.2"]
[White "Zlamal, Marek"]
[Black "Nemeckay, Rastislav"]
[Result "1-0"]
[WhiteElo "1848"]
[BlackElo "1946"]
[PlyCount "66"]
[EventDate "2017.??.??"]
[WhiteTeam "Å achovÃ½ klub HolÃ­Ä� B"]
[BlackTeam "Å K Å tefanov"]

1. d4 d5 2. Nc3 Nf6 3. Nf3 Bf5 4. e3 h6 5. Be2 e6 6. O-O c6 7. a4 Nbd7 8. Bd2
Bd6 9. Rb1 O-O 10. b4 Ne4 11. Ne1 e5 12. Nxe4 Bxe4 13. b5 Qc7 14. dxe5 Nxe5 15.
f4 Nd7 16. bxc6 bxc6 17. Bc3 Bc5 18. Bd4 Bb6 19. Kh1 f5 20. Nf3 Bxf3 21. Rxf3
Bxd4 22. exd4 Rab8 23. c4 Nf6 24. Qc1 Rxb1 25. Qxb1 Ne4 26. Qa2 Qa5 27. cxd5
cxd5 28. Bb5 Rd8 29. h3 Nc3 30. Qd2 Rc8 31. Bd7 Rc7 32. Bxf5 Qxa4 33. Qe1 Qc6
1-0

[Event "SR 4. liga A21 2017/2018"]
[Site "?"]
[Date "2018.02.11"]
[Round "9.2"]
[White "Klimes, Karel"]
[Black "Vach, Jozef"]
[Result "1-0"]
[WhiteElo "1653"]
[BlackElo "1699"]
[PlyCount "89"]
[EventDate "2017.??.??"]
[WhiteTeam "Å K Å tefanov"]
[BlackTeam "Å achovÃ½ klub HolÃ­Ä� B"]

1. e4 e5 2. Nf3 Nc6 3. Bc4 Be7 4. c3 Nf6 5. Qe2 d6 6. h3 O-O 7. O-O a6 8. d4 b5
9. Bb3 Bb7 10. Bg5 h6 11. Bh4 Nh7 12. Bxe7 Qxe7 13. Nbd2 Na5 14. Bc2 c5 15. b4
Nc6 16. bxc5 dxc5 17. d5 Nb8 18. a4 Nd7 19. axb5 axb5 20. Qxb5 Rfb8 21. Rxa8
Bxa8 22. Qa5 Nb6 23. Rb1 Qd8 24. Nxe5 Nxd5 25. Rxb8 Qxb8 26. Nd7 Qe8 27. exd5
Bxd5 28. c4 Qxd7 29. cxd5 Qxd5 30. Ne4 g6 31. Qxc5 Qe6 32. Qd6 Qc4 33. Bd3 Qb3
34. Qd4 Qd1+ 35. Kh2 Qb3 36. Bc4 Qb8+ 37. Nd6 Ng5 38. Qe5 Qd8 39. h4 Nh7 40.
Bxf7+ Kf8 41. Qh8+ Ke7 42. Qxd8+ Kxd8 43. Bxg6 Nf8 44. Nf7+ Ke7 45. Bh5 1-0

[Event "SR 4. liga A21 2017/2018"]
[Site "?"]
[Date "2018.02.11"]
[Round "9.2"]
[White "Holiencin, Filip"]
[Black "Vozarova, Adriana"]
[Result "1/2-1/2"]
[WhiteElo "1723"]
[BlackElo "1564"]
[PlyCount "125"]
[EventDate "2017.??.??"]
[WhiteTeam "Å achovÃ½ klub HolÃ­Ä� B"]
[BlackTeam "Å K Å tefanov"]

1. d4 d5 2. c4 e6 3. Nf3 c6 4. Nc3 f5 5. Bg5 Nf6 6. e3 Bd6 7. Ne5 O-O 8. Bd3
Qe8 9. f4 Nbd7 10. O-O h6 11. Bxf6 Nxf6 12. cxd5 exd5 13. Qb3 Kh8 14. Na4 Ng4
15. Rf3 Nxe5 16. dxe5 Be7 17. Rc1 b5 18. Nc5 Bxc5 19. Rxc5 Be6 20. Qc2 Rc8 21.
Kh1 Qd7 22. Rf1 Rc7 23. Rc1 a6 24. Rxc6 Rxc6 25. Qxc6 Rc8 26. Qxc8+ Qxc8 27.
Rxc8+ Bxc8 28. g3 Kg8 29. Kg2 Kf7 30. Kf2 Ke7 31. Ke2 b4 32. Kd2 Kd8 33. Kc2
Kc7 34. Kb3 a5 35. Bb5 Kb6 36. Be8 Be6 37. Kc2 Kc5 38. Kd3 Bc8 39. Bf7 Ba6+ 40.
Kd2 Bc8 41. e6 Kd6 42. e7 Kxe7 43. Bxd5 Kd6 44. Bc4 Kc5 45. Bd3 Be6 46. a3 Kd5
47. axb4 axb4 48. Kc2 Kc5 49. b3 Kd6 50. e4 fxe4 51. Bxe4 Kc5 52. f5 Bf7 53. g4
Kd4 54. Bd3 Ke5 55. Bc4 Be8 56. h4 Kf4 57. Be2 Bf7 58. Bc4 Bxc4 59. bxc4 Kxg4
60. Kb3 Kxf5 61. Kxb4 g5 62. hxg5 hxg5 63. Kc3 1/2-1/2

[Event "SR 4. liga A21 2017/2018"]
[Site "?"]
[Date "2018.02.11"]
[Round "9.2"]
[White "Wallner, Juraj"]
[Black "Stehlik, Jan"]
[Result "1/2-1/2"]
[WhiteElo "1570"]
[BlackElo "1584"]
[PlyCount "112"]
[EventDate "2017.??.??"]
[WhiteTeam "Å K Å tefanov"]
[BlackTeam "Å achovÃ½ klub HolÃ­Ä� B"]

1. e4 e6 2. Nf3 d5 3. exd5 exd5 4. d4 Nf6 5. c4 c6 6. Nc3 Bg4 7. cxd5 Nxd5 8.
Be2 Bb4 9. Bd2 Qa5 10. Qb3 Bxc3 11. bxc3 Qc7 12. O-O O-O 13. h3 Bh5 14. c4 Nf6
15. Rac1 Nbd7 16. g3 Rfe8 17. Bf4 Qb6 18. Qd1 Qb2 19. Rc2 Qa3 20. Ne5 Nxe5 21.
Bxh5 Ng6 22. Bc1 Qa5 23. Bf3 Rad8 24. Bd2 Qf5 25. g4 Qd7 26. Be3 h6 27. Rd2 Ne4
28. Bxe4 Rxe4 29. Qf3 Re7 30. d5 cxd5 31. Rxd5 Qc7 32. Rxd8+ Qxd8 33. Bxa7 Qa5
34. Be3 Qxa2 35. Qd5 Qa8 36. Rb1 Qc8 37. Rd1 Ne5 38. c5 Rd7 39. Qb3 Rxd1+ 40.
Qxd1 Qc6 41. Kh2 Nd7 42. Qd4 Nf6 43. Qe5 Nd5 44. Bd4 Qc7 45. Qxc7 Nxc7 46. Kg3
Ne6 47. Be3 Kf8 48. Kf3 Ke8 49. Ke4 Kd7 50. Kd5 Nc7+ 51. Kc4 Kc6 52. f4 g6 53.
h4 h5 54. gxh5 gxh5 55. f5 Ne8 56. Bd4 Nc7 1/2-1/2

[Event "SR 4. liga A21 2017/2018"]
[Site "?"]
[Date "2018.02.11"]
[Round "9.2"]
[White "Sefcik, Oliver"]
[Black "Tomasovic, Pavol"]
[Result "1/2-1/2"]
[WhiteElo "1116"]
[BlackElo "1295"]
[PlyCount "117"]
[EventDate "2017.??.??"]
[WhiteTeam "Å achovÃ½ klub HolÃ­Ä� B"]
[BlackTeam "Å K Å tefanov"]

1. e4 e6 2. d4 d5 3. e5 c5 4. c3 Nc6 5. Nf3 Qb6 6. Bd3 Nh6 7. O-O cxd4 8. cxd4
Nf5 9. Bxf5 exf5 10. Nc3 Be7 11. Nxd5 Qd8 12. Nxe7 Qxe7 13. Bg5 Qc7 14. Rc1 Qb6
15. d5 Nd8 16. d6 Bd7 17. Qd5 O-O 18. Rc7 Be6 19. Qd3 Qxb2 20. Rb1 Qxa2 21.
Bxd8 Rfxd8 22. Rcxb7 a6 23. Nd4 Qd5 24. Qc3 Qxe5 25. Re1 Qf6 26. Qc5 Rac8 27.
Qb6 Bd7 28. Nf3 Rc6 29. Qe3 Rxd6 30. Rxd7 Rf8 31. Re7 Rdd8 32. Re8 Rdxe8 33.
Qxe8 h6 34. Qe5 Qxe5 35. Rxe5 g6 36. Ra5 Ra8 37. h3 Kg7 38. Kh2 Ra7 39. g4 fxg4
40. hxg4 Kf6 41. Kg3 Ke6 42. Nd4+ Kd6 43. Kf4 Ra8 44. Ke4 Ra7 45. f4 Ra8 46.
Nc2 Kc6 47. Nb4+ Kb6 48. Rxa6+ Rxa6 49. Nxa6 Kxa6 50. f5 h5 51. gxh5 gxh5 52.
Kf4 h4 53. Kg4 h3 54. Kxh3 Kb6 55. Kg4 Kc6 56. Kg5 Kd7 57. Kf6 Ke8 58. Kg7 Ke7
59. Kg8 1/2-1/2

[Event "SR 4. liga A21 2017/2018"]
[Site "?"]
[Date "2018.02.11"]
[Round "9.3"]
[White "Slaba, Andrea"]
[Black "Podjavorinsky, Michal"]
[Result "0-1"]
[WhiteElo "1921"]
[BlackElo "1870"]
[PlyCount "56"]
[EventDate "2017.??.??"]
[WhiteTeam "Å K KamenÃ¡r Chtelnica"]
[BlackTeam "ZÅ K VrbovÃ© B"]

1. c4 f5 2. d4 Nf6 3. g3 e6 4. Bg2 c6 5. Nc3 d5 6. cxd5 exd5 7. Nf3 Bd6 8. O-O
O-O 9. Ne5 a5 10. f4 Na6 11. Qb3 Kh8 12. Na4 Qe7 13. Nb6 Rb8 14. Bd2 Be6 15.
Bxa5 c5 16. Nxd5 Bxd5 17. Bxd5 Nxd5 18. Qxd5 cxd4 19. Bb6 Nb4 20. Qb5 Nc6 21.
Nc4 Rf6 22. Rf2 Re6 23. Nxd6 Qxd6 24. Qxf5 Ne7 25. Qf7 Rf6 26. Qc4 Qxb6 27. Rd1
Nf5 28. Rc1 Rc6 0-1

[Event "SR 4. liga A21 2017/2018"]
[Site "?"]
[Date "2018.02.11"]
[Round "9.3"]
[White "Miciak, Emanuel"]
[Black "Slaby, Jozef"]
[Result "0-1"]
[WhiteElo "1909"]
[BlackElo "1737"]
[PlyCount "112"]
[EventDate "2017.??.??"]
[WhiteTeam "ZÅ K VrbovÃ© B"]
[BlackTeam "Å K KamenÃ¡r Chtelnica"]

1. d4 Nf6 2. c4 g6 3. Nc3 d5 4. Nf3 Bg7 5. Bf4 c6 6. e3 Nbd7 7. Rc1 Nb6 8. b3
O-O 9. c5 Nbd7 10. h3 Nh5 11. Bh2 Nhf6 12. Bd3 Bh6 13. Qc2 Re8 14. b4 Nf8 15.
Rb1 a6 16. a4 Ne6 17. O-O Ng5 18. Nxg5 Bxg5 19. b5 Nd7 20. bxc6 bxc6 21. f4 Bh6
22. Rf3 f5 23. g4 e6 24. Rg3 Bg7 25. g5 Qa5 26. Kf2 Nxc5 27. dxc5 Qxc3 28. Rb3
Qxc2+ 29. Bxc2 e5 30. Rg1 e4 31. Rgb1 Be6 32. Rb6 d4 33. exd4 Bxd4+ 34. Kg3 Ba2
35. Bb3+ Bxb3 36. R1xb3 Bxc5 37. Rxc6 Rec8 38. Re6 Rf8 39. Bg1 a5 40. Reb6 Bb4
41. Bd4 Rad8 42. Be5 Rd3+ 43. Rxd3 exd3 44. Kf3 Rd8 45. Rb8 Rxb8 46. Bxb8 Kf7
47. Ke3 d2 48. Ke2 Ke6 49. Ba7 Kd5 50. Kd1 Kc4 51. Kc2 Bd6 52. Be3 d1=Q+ 53.
Kxd1 Kb3 54. Bd2 Kxa4 55. Kc2 Bc7 56. Be3 Kb4 0-1

[Event "SR 4. liga A21 2017/2018"]
[Site "?"]
[Date "2018.02.11"]
[Round "9.3"]
[White "Vagovic, Milan"]
[Black "Jancovicova, Petra"]
[Result "1/2-1/2"]
[WhiteElo "1662"]
[BlackElo "1739"]
[PlyCount "60"]
[EventDate "2017.??.??"]
[WhiteTeam "Å K KamenÃ¡r Chtelnica"]
[BlackTeam "ZÅ K VrbovÃ© B"]

1. d4 Nf6 2. Nf3 d5 3. Bg5 e6 4. e3 Be7 5. Nbd2 O-O 6. Bd3 Nbd7 7. O-O b6 8.
Ne5 Bb7 9. f4 c5 10. c3 h6 11. Bh4 Ne8 12. Bxe7 Qxe7 13. Nxd7 Qxd7 14. Nf3 Nf6
15. Ne5 Qe7 16. a3 c4 17. Bc2 b5 18. g4 Nd7 19. Nxd7 Qxd7 20. Rf2 Qe7 21. Qf3
a5 22. Qh3 f5 23. Rg2 Qf6 24. g5 hxg5 25. Rxg5 Rf7 26. Qh5 g6 27. Kf2 Rg7 28.
Qh6 Kf7 29. Rag1 Rag8 30. Qh4 Bc6 1/2-1/2

[Event "SR 4. liga A21 2017/2018"]
[Site "?"]
[Date "2018.02.11"]
[Round "9.3"]
[White "Podjavorinsky, Peter"]
[Black "Piestansky, Jan"]
[Result "1-0"]
[WhiteElo "1680"]
[BlackElo "1646"]
[PlyCount "63"]
[EventDate "2017.??.??"]
[WhiteTeam "ZÅ K VrbovÃ© B"]
[BlackTeam "Å K KamenÃ¡r Chtelnica"]

1. e4 e5 2. Nf3 d6 3. Bc4 h6 4. d4 exd4 5. Nxd4 Be7 6. Qh5 g6 7. Qd5 Be6 8.
Nxe6 fxe6 9. Qxe6 Qd7 10. Qxg6+ Kd8 11. Bxg8 Qe8 12. Bf7 Qf8 13. Nc3 Nd7 14.
Be6 Ne5 15. Qh5 Qf6 16. Qf5 Qg7 17. Qh3 c6 18. Be3 Kc7 19. f4 Ng6 20. O-O-O Qf6
21. Rhf1 Qf8 22. Qg4 Qe8 23. Bd4 h5 24. Qh3 Rf8 25. f5 Nh8 26. f6 Bd8 27. e5
Nf7 28. Bxf7 Rxf7 29. e6 Rh7 30. Qf5 Rh6 31. e7 Bxe7 32. Rde1 1-0

[Event "SR 4. liga A21 2017/2018"]
[Site "?"]
[Date "2018.02.11"]
[Round "9.3"]
[White "Pripko, Bystrik"]
[Black "Lanyi, Frantisek"]
[Result "0-1"]
[WhiteElo "1628"]
[BlackElo "1678"]
[PlyCount "116"]
[EventDate "2017.??.??"]
[WhiteTeam "Å K KamenÃ¡r Chtelnica"]
[BlackTeam "ZÅ K VrbovÃ© B"]

1. e4 e5 2. Nf3 Nc6 3. Bc4 Bc5 4. d3 h6 5. O-O Nf6 6. a3 d6 7. Nc3 Bg4 8. h3
Bh5 9. Be3 Nd4 10. Nd5 c6 11. Nxf6+ Qxf6 12. Bxd4 Bxd4 13. c3 Bb6 14. g4 Bg6
15. Kg2 h5 16. g5 Qe7 17. h4 O-O-O 18. b4 d5 19. exd5 cxd5 20. Bb3 e4 21. Nd4
exd3 22. Re1 Qd7 23. Re5 Be4+ 24. f3 Bc7 25. Rxe4 dxe4 26. fxe4 Be5 27. Bd5
Qg4+ 28. Qxg4+ hxg4 29. Rh1 Kb8 30. Kf2 Rc8 31. Bxf7 Rhf8 32. g6 Rxc3 33. Ne6
Rfc8 34. Ke3 Rxa3 35. Nc5 Bd6 36. Be6 Bxc5+ 37. bxc5 Rd8 38. Bxg4 Rc3 39. Be6
d2+ 40. Ke2 Rc1 41. Rd1 Rxc5 42. Bd5 Rh8 43. Rxd2 Rxh4 44. Kd3 Rc7 45. Rf2 a6
46. Rf8+ Ka7 47. Rg8 Rg4 48. Bf7 a5 49. Rxg7 a4 50. Rg8 a3 51. Rd8 Rxg6 52. Bd5
Rg2 53. Rf8 Rc1 54. Rf7 Rb2 55. e5 a2 56. Bxa2 Rxa2 57. e6 Re1 58. e7 Rae2 0-1

[Event "SR 4. liga A21 2017/2018"]
[Site "?"]
[Date "2018.02.11"]
[Round "9.4"]
[White "Bango, Lukas"]
[Black "Diviak, Rastislav"]
[Result "1-0"]
[WhiteElo "2120"]
[BlackElo "1973"]
[PlyCount "65"]
[EventDate "2017.??.??"]
[WhiteTeam "Å K Komplet Modranka jun."]
[BlackTeam "CVÄŒ Senica B"]

1. d4 Nf6 2. c4 g6 3. Nc3 Bg7 4. e4 d6 5. f3 O-O 6. Be3 e5 7. Nge2 c6 8. Qd2
Qa5 9. g4 b5 10. Ng3 exd4 11. Bxd4 b4 12. Nce2 Be6 13. g5 Nfd7 14. Bxg7 Kxg7
15. f4 Qc5 16. Nd4 Kg8 17. Nb3 Qb6 18. O-O-O Bg4 19. Be2 Bxe2 20. Qxe2 a5 21.
h4 a4 22. Nd4 d5 23. h5 a3 24. b3 dxc4 25. hxg6 fxg6 26. Qxc4+ Rf7 27. Ndf5
gxf5 28. g6 hxg6 29. Rh8+ Kxh8 30. Qxf7 Qe3+ 31. Kb1 Qf2 32. Rh1+ Qh2 33. Rxh2#
1-0

[Event "SR 4. liga A21 2017/2018"]
[Site "?"]
[Date "2018.02.11"]
[Round "9.4"]
[White "Jarabek, Milan"]
[Black "Kozinka, Roman"]
[Result "0-1"]
[WhiteElo "1713"]
[BlackElo "2004"]
[PlyCount "66"]
[EventDate "2017.??.??"]
[WhiteTeam "CVÄŒ Senica B"]
[BlackTeam "Å K Komplet Modranka jun."]

1. e4 c5 2. Nf3 d6 3. d4 cxd4 4. Nxd4 Nf6 5. Nc3 a6 6. Bc4 e6 7. Bb3 Be7 8. Be3
Nc6 9. Qe2 Bd7 10. Rg1 b5 11. f3 Rc8 12. O-O-O Qa5 13. g4 b4 14. Nb1 Nxd4 15.
Rxd4 e5 16. Rd2 Be6 17. g5 Nd7 18. Bxe6 fxe6 19. g6 Qxa2 20. gxh7 Rxh7 21. Rg6
Kf7 22. Qg2 Nc5 23. Bxc5 Rxc5 24. Qg4 Qc4 25. b3 Qxb3 26. f4 exf4 27. Qxf4+ Bf6
28. e5 dxe5 29. Qe4 Qh3 30. Rdg2 Qf5 31. Qb7+ Ke8 32. Qb8+ Bd8 33. Rg1 Qxc2#
0-1

[Event "SR 4. liga A21 2017/2018"]
[Site "?"]
[Date "2018.02.11"]
[Round "9.4"]
[White "Gajarsky, Julius"]
[Black "Ulehla, Jakub"]
[Result "1-0"]
[WhiteElo "1710"]
[BlackElo "1785"]
[PlyCount "53"]
[EventDate "2017.??.??"]
[WhiteTeam "Å K Komplet Modranka jun."]
[BlackTeam "CVÄŒ Senica B"]

1. d4 Nf6 2. c4 g6 3. Nc3 Bg7 4. e4 d6 5. f4 O-O 6. Be2 Nbd7 7. Be3 e5 8. fxe5
dxe5 9. d5 Ne8 10. Nf3 f5 11. exf5 gxf5 12. Bg5 Nef6 13. Qd2 e4 14. Nd4 Ne5 15.
O-O h6 16. Bxh6 Nfg4 17. Bxg7 Kxg7 18. h3 Nh6 19. Rad1 Ng6 20. Bh5 Rf6 21. Nce2
Ne5 22. Nf4 Nxc4 23. Qc3 Ne5 24. Nde6+ Bxe6 25. Nxe6+ Rxe6 26. dxe6 Qf6 27.
Qxc7+ 1-0

[Event "SR 4. liga A21 2017/2018"]
[Site "?"]
[Date "2018.02.11"]
[Round "9.4"]
[White "Hrdlicka, Martin"]
[Black "Kramar, Matus"]
[Result "1-0"]
[WhiteElo "1401"]
[BlackElo "1685"]
[PlyCount "67"]
[EventDate "2017.??.??"]
[WhiteTeam "CVÄŒ Senica B"]
[BlackTeam "Å K Komplet Modranka jun."]

1. e4 c5 2. Nf3 d6 3. d4 cxd4 4. Nxd4 Nf6 5. Nc3 g6 6. Bc4 Bg7 7. f3 O-O 8. Be3
a6 9. Qd2 Qc7 10. Bb3 Bd7 11. O-O Nc6 12. Kh1 Rac8 13. Rf2 Na5 14. Rg1 Nc4 15.
Bxc4 Qxc4 16. g4 b5 17. h4 b4 18. Nd1 a5 19. h5 d5 20. e5 Ne8 21. Nf5 gxf5 22.
gxf5 Kh8 23. Bh6 Bxf5 24. Bxg7+ Nxg7 25. Rxg7 Kxg7 26. Qg5+ Bg6 27. hxg6 hxg6
28. Ne3 Rh8+ 29. Kg2 Qh4 30. Nf5+ Kf8 31. Nxh4 Rh5 32. Qf4 Kg7 33. Qg4 Rc4 34.
f4 1-0

[Event "SR 4. liga A21 2017/2018"]
[Site "?"]
[Date "2018.02.11"]
[Round "9.4"]
[White "Longauer, Jan"]
[Black "Mudroch, Martin"]
[Result "1/2-1/2"]
[WhiteElo "1662"]
[BlackElo "1344"]
[PlyCount "106"]
[EventDate "2017.??.??"]
[WhiteTeam "Å K Komplet Modranka jun."]
[BlackTeam "CVÄŒ Senica B"]

1. e4 e5 2. Nf3 Nc6 3. d4 exd4 4. Bc4 Bb4+ 5. c3 Be7 6. O-O d6 7. cxd4 Nf6 8.
d5 Ne5 9. Nxe5 dxe5 10. Nc3 Bg4 11. Qb3 Qc8 12. d6 Bxd6 13. Bxf7+ Ke7 14. f3
Be6 15. Bxe6 Qxe6 16. Qxb7 Bc5+ 17. Kh1 Qb6 18. Qxb6 axb6 19. Bg5 c6 20. a3 h6
21. Bh4 Ke6 22. Bf2 Bxf2 23. Rxf2 Rhd8 24. Rd1 Rxd1+ 25. Nxd1 Rd8 26. Ne3 b5
27. Rc2 Rd6 28. Kg1 Nd7 29. Kf2 c5 30. Nf5 Rd3 31. Nxg7+ Kf6 32. Ne8+ Ke7 33.
Nc7 Rb3 34. Kg3 c4 35. Nd5+ Kd6 36. Nb4 Nc5 37. Kg4 Na4 38. Rd2+ Kc5 39. Rd5+
Kb6 40. Rxe5 Rxb2 41. Re6+ Kc5 42. e5 Rxb4 43. axb4+ Kxb4 44. Rc6 Nc5 45. Rxc5
Kxc5 46. e6 Kd6 47. Kf5 Ke7 48. Ke4 Kxe6 49. f4 c3 50. Kd3 b4 51. g4 Kf6 52. h3
Kg6 53. Kc2 Kf6 1/2-1/2

[Event "SR 4. liga A21 2017/2018"]
[Site "?"]
[Date "2018.02.11"]
[Round "9.5"]
[White "Pericka, Tomas"]
[Black "Curidlo, Jan"]
[Result "0-1"]
[WhiteElo "2012"]
[BlackElo "1842"]
[PlyCount "54"]
[EventDate "2017.??.??"]
[WhiteTeam "CVÈ Brezová pod Bradlom"]
[BlackTeam "ŠK Kúpele Pieš�any B"]

1. e4 Nc6 2. d4 e5 3. c3 Nf6 4. Bg5 h6 5. Bxf6 Qxf6 6. Nf3 exd4 7. cxd4 Bb4+ 8.
Nc3 O-O 9. a3 Ba5 10. Be2 d6 11. O-O Ne7 12. Rc1 c6 13. h3 Ng6 14. Bd3 Be6 15.
e5 dxe5 16. Ne4 Qd8 17. dxe5 Bc7 18. Nc5 Qc8 19. Re1 Rd8 20. Qe2 Bd5 21. e6 Nf4
22. Qe3 Nxe6 23. Ne4 Bf4 24. Qe2 Bxc1 25. Rxc1 Nf4 26. Qe3 Nxd3 27. Qxd3 Qf5
0-1

[Event "SR 4. liga A21 2017/2018"]
[Site "?"]
[Date "2018.02.11"]
[Round "9.5"]
[White "Musaev, Matej Elbek"]
[Black "Sadlon, Juraj"]
[Result "0-1"]
[WhiteElo "1782"]
[BlackElo "1902"]
[PlyCount "86"]
[EventDate "2017.??.??"]
[WhiteTeam "ŠK Kúpele Pieš�any B"]
[BlackTeam "CVÈ Brezová pod Bradlom"]

1. e4 e5 2. Nf3 Nc6 3. Bc4 Be7 4. c3 d6 5. Bb3 Nf6 6. Bc2 Bg4 7. h3 Bh5 8. d3
Qd7 9. Nbd2 h6 10. Nf1 O-O-O 11. Ng3 Bg6 12. b4 Nh5 13. Ne2 f5 14. Bd2 fxe4 15.
dxe4 Bf6 16. Ba4 b6 17. Bc2 Rhf8 18. c4 Nf4 19. Rg1 Nxe2 20. Qxe2 Nd4 21. Nxd4
exd4 22. Bd3 Rde8 23. Rb1 c5 24. bxc5 dxc5 25. a4 Qe6 26. f3 Bh4+ 27. Kd1 Bg3
28. Be1 Bxe1 29. Rxe1 Qc6 30. Qa2 a5 31. Re2 Kc7 32. Rb5 Rb8 33. Reb2 Be8 34.
Rb1 Qd6 35. R5b3 Qh2 36. Bf1 Qg1 37. Ke1 Bc6 38. Qa3 Rbe8 39. Rxb6 Rxe4+ 40.
fxe4 Rxf1+ 41. Kd2 Qf2+ 42. Kd3 Qe3+ 43. Kc2 Rf2+ 0-1

[Event "SR 4. liga A21 2017/2018"]
[Site "?"]
[Date "2018.02.11"]
[Round "9.5"]
[White "Pericka, Pavol"]
[Black "Oravec, Pavol"]
[Result "0-1"]
[WhiteElo "1799"]
[BlackElo "1746"]
[PlyCount "106"]
[EventDate "2017.??.??"]
[WhiteTeam "CVÈ Brezová pod Bradlom"]
[BlackTeam "ŠK Kúpele Pieš�any B"]

1. e4 e6 2. d4 d5 3. e5 c5 4. c3 Nc6 5. Nf3 Qb6 6. Bd3 Bd7 7. Bc2 Nh6 8. Bxh6
gxh6 9. O-O Qxb2 10. Nbd2 Qxc3 11. Nb3 c4 12. Qd2 Qxd2 13. Nbxd2 Nb4 14. Bd1
Bb5 15. Re1 Nd3 16. Re3 h5 17. Ng5 Bh6 18. h4 Rg8 19. Rg3 Bxg5 20. hxg5 h4 21.
Rg4 O-O-O 22. f4 Kb8 23. Rxh4 Rh8 24. g3 Rdg8 25. Nf1 a5 26. Rb1 Ba6 27. Bh5
Rg7 28. Rb6 Kc7 29. Rb1 b5 30. Rh2 b4 31. Be2 c3 32. Ne3 Kb6 33. a3 Nb2 34.
axb4 axb4 35. Nc2 Bxe2 36. Rxe2 Kb5 37. Ra1 Nc4 38. Ra7 Kb6 39. Ra4 h6 40.
Rxb4+ Kc6 41. Rh2 Nd2 42. Kg2 Ne4 43. Kf3 Rgg8 44. Ne3 hxg5 45. Rxh8 Rxh8 46.
Rb1 Rh3 47. Nf1 Rxg3+ 48. Nxg3 Nd2+ 49. Ke2 Nxb1 50. Kd3 gxf4 51. Nf1 Nd2 52.
Nxd2 cxd2 53. Kxd2 Kb5 0-1

[Event "SR 4. liga A21 2017/2018"]
[Site "?"]
[Date "2018.02.11"]
[Round "9.5"]
[White "Divinec, Peter"]
[Black "Sadlon, Matus"]
[Result "0-1"]
[WhiteElo "1599"]
[BlackElo "1695"]
[PlyCount "34"]
[EventDate "2017.??.??"]
[WhiteTeam "ŠK Kúpele Pieš�any B"]
[BlackTeam "CVÈ Brezová pod Bradlom"]

1. e4 e5 2. Nf3 Nc6 3. Bc4 Nf6 4. Ng5 d5 5. exd5 Na5 6. Bb5+ c6 7. dxc6 bxc6 8.
Be2 Be7 9. d3 Rb8 10. O-O O-O 11. b3 Bf5 12. Bb2 Qc7 13. Nd2 Rfd8 14. f3 c5 15.
Rb1 Nd5 16. Qe1 Bxg5 17. Qg3 Bf4 0-1

[Event "SR 4. liga A21 2017/2018"]
[Site "?"]
[Date "2018.02.11"]
[Round "9.6"]
[White "Valla, Tomas"]
[Black "Valach, Peter"]
[Result "1/2-1/2"]
[WhiteElo "1853"]
[BlackElo "1743"]
[PlyCount "53"]
[EventDate "2017.??.??"]
[WhiteTeam "Å K Nafta Gbely C"]
[BlackTeam "Å K OÃš Å paÄ�ince"]

1. e4 c5 2. c3 Nc6 3. d4 d5 4. exd5 Qxd5 5. Nf3 Bg4 6. dxc5 Qxc5 7. Be3 Qa5 8.
Be2 e6 9. Nbd2 Nf6 10. Nc4 Qc7 11. Qa4 Be7 12. Bb6 Qc8 13. Be3 O-O 14. Rd1 Qc7
15. O-O Rfd8 16. h3 Bh5 17. Bc1 Rxd1 18. Rxd1 Rd8 19. g3 Rxd1+ 20. Qxd1 Bc5 21.
Bf4 Qd7 22. Qxd7 Nxd7 23. b4 Be7 24. g4 Bg6 25. Nfe5 Ndxe5 26. Nxe5 Nxe5 27.
Bxe5 1/2-1/2

[Event "SR 4. liga A21 2017/2018"]
[Site "?"]
[Date "2018.02.11"]
[Round "9.6"]
[White "Karel, Jozef"]
[Black "Zajicek, Ferdinand"]
[Result "1/2-1/2"]
[WhiteElo "1715"]
[BlackElo "1764"]
[PlyCount "80"]
[EventDate "2017.??.??"]
[WhiteTeam "Å K OÃš Å paÄ�ince"]
[BlackTeam "Å K Nafta Gbely C"]

1. e4 c5 2. Nf3 d6 3. d4 cxd4 4. Nxd4 Nc6 5. Nc3 Nf6 6. Bc4 Qb6 7. Nxc6 bxc6 8.
Bb3 g6 9. Be3 Qc7 10. O-O Bg7 11. h3 O-O 12. Qd2 Be6 13. Bh6 Rad8 14. Bxg7 Kxg7
15. Qe3 Qb6 16. e5 Nd7 17. exd6 Qxe3 18. fxe3 exd6 19. Rfd1 Nc5 20. Kf2 Rfe8
21. Rd2 Re7 22. Rad1 Bxb3 23. axb3 d5 24. b4 Ne4+ 25. Nxe4 Rxe4 26. c3 Rde8 27.
Re2 f5 28. Rd4 Rxd4 29. exd4 Rxe2+ 30. Kxe2 Kf6 31. Kf3 g5 32. g3 h6 33. h4 Ke6
34. b3 Kd6 35. Ke3 Kc7 36. Kf3 Kb6 37. Ke3 Kb5 38. Kf3 a5 39. bxa5 Kxa5 40. Ke3
Kb5 1/2-1/2